书目信息 |
| 题名: |
章太炎国学讲演集
|
|
| 作者: | 张冥飞 , 严柏梁 编注 ;杨焄 , 方之悦 整理 | |
| 分册: | ||
| 出版信息: | 上海 上海人民出版社 2024.11 |
|
| 页数: | 196页 | |
| 开本: | 21cm | |
| 丛书名: | 章太炎讲述系列 | |
| 单 册: | ||
| 中图分类: | Z126.27-53 | |
| 科图分类: | ||
| 主题词: | 国学--文集 | |
| 电子资源: | ||
| ISBN: | 978-7-208-19205-8 | |
| 000 | 01169oam2 2200289 450 | |
| 001 | 01223101 | |
| 005 | 20251023101802.93 | |
| 010 | @a978-7-208-19205-8@dCNY68.00 | |
| 100 | @a20241206d2024 em y0chiy0120 ea | |
| 101 | 0 | @achi |
| 102 | @aCN@b310000 | |
| 105 | @aa z 000yy | |
| 106 | @ar | |
| 200 | 1 | @a章太炎国学讲演集@9zhang tai yan guo xue jiang yan ji@f张冥飞,严柏梁编注@g杨焄,方之悦整理 |
| 210 | @a上海@c上海人民出版社@d2024.11 | |
| 215 | @a196页@c彩图@d21cm | |
| 225 | 2 | @a章太炎讲述系列 |
| 330 | @a本书是“章太炎讲述系列”之一种,旨在研究、发掘、整理章太炎的学术思想,编纂出版章太炎研究的普及性成果。国学大师章太炎在1922年4月1日至6月17日期间,应江苏省教育会的盛情邀请,以国学研究为话题,在上海举行过十次公开演讲。其讲稿整理本广受读者欢迎,除白话文版的曹聚仁《国学概论》外,还有以文言文记录并加以修订、注释而成的版本。 | |
| 461 | 0 | @12001 @a章太炎讲述系列 |
| 606 | 0 | @a国学@j文集 |
| 690 | @aZ126.27-53@v5 | |
| 701 | 0 | @a张冥飞@9Zhang Ming Fei@4编注 |
| 701 | 0 | @a严柏梁@9Yan Bai Liang@4编注 |
| 702 | 0 | @a杨焄@9yang hun@4整理 |
| 702 | 0 | @a方之悦@9fang zhi yue@4整理 |
| 801 | 0 | @aCN@c20250911 |
| 905 | @a河南城建学院图书馆@dZ126.27-53@eZ141@ZZ141@f1 | |
| 章太炎国学讲演集/张冥飞,严柏梁编注/杨焄,方之悦整理.-上海:上海人民出版社,2024.11 |
| 196页:彩图;21cm.-(章太炎讲述系列) |
| ISBN 978-7-208-19205-8:CNY68.00 |
| 本书是“章太炎讲述系列”之一种,旨在研究、发掘、整理章太炎的学术思想,编纂出版章太炎研究的普及性成果。国学大师章太炎在1922年4月1日至6月17日期间,应江苏省教育会的盛情邀请,以国学研究为话题,在上海举行过十次公开演讲。其讲稿整理本广受读者欢迎,除白话文版的曹聚仁《国学概论》外,还有以文言文记录并加以修订、注释而成的版本。 |
| ● |
| 相关链接 |
|
|
|
正题名:章太炎国学讲演集
索取号:Z126.27-53/Z141
 
预约/预借
| 序号 | 登录号 | 条形码 | 馆藏地/架位号 | 状态 | 备注 |
| 1 | 1636267 | 216362674 | 自科库501/ [索取号:Z126.27-53/Z141] | 在馆 |